| 000 | 00927cam a2200241 i 4500 | ||
|---|---|---|---|
| 999 |
_c19978 _d19978 |
||
| 001 | 4157824 | ||
| 005 | 20170118091714.0 | ||
| 008 | 791016s1979 ilua b 000 0 eng | ||
| 010 | _a 78078273 | ||
| 020 | _a0915802112 | ||
| 050 | 0 | 0 | _aTN690 .I18 1979 |
| 110 | 2 |
_aIIT Research Institute. _bMetals Research Division. |
|
| 245 | 1 | 0 |
_aIITRI fracture handbook : _bfailure analysis of metallic materials by scanning electron microscopy / _cedited by S. Bhattacharyya ... [et al.]. |
| 260 |
_aChicago : _bMetals Research Division, IIT Research Institute, _c1979. |
||
| 300 |
_axxx, 427, [141] p. : _bill. ; _c29 cm. |
||
| 504 | _aBibliography: p. xxx. | ||
| 650 | 0 |
_aFractography _xHandbooks, manuals, etc. |
|
| 700 | 1 | _aBhattacharyya, S. | |
| 942 |
_2lcc _cBOOKS _hTN690 .I18 1979 |
||